| 000 | 00726nam a22001697a 4500 | ||
|---|---|---|---|
| 999 |
_c60763 _d60763 |
||
| 005 | 20231019122747.0 | ||
| 008 | 231019s1982 ru ||||| |||| 00| 0 rus d | ||
| 041 | _arus | ||
| 080 | _a008(45)(091) П-30 | ||
| 100 |
_aПетров, М.Т. _920129 |
||
| 245 |
_aИтальянская интеллигенция в эпоху Ренессанса / _cМ.Т. Петров. Под. ред. В.И. Рутенбурга. |
||
| 264 |
_aЛенинград: _bНаука, _c1982. |
||
| 300 |
_a217 с.: _b20 см. |
||
| 653 | _aიტალიელი ინტელიგენცია რენესანსის დროს | ||
| 700 |
_aРутенбург, В.И. _eრედაქტორი _920130 |
||
| 942 |
_2udc _cBK |
||